Các định luật trong hóa học

Salvato in:
Dettagli Bibliografici
Autore principale: K Manolov
Natura: Libro
Lingua:Undetermined
Pubblicazione: Hà Nội KHKT 1983
Soggetti:
Tags: Aggiungi Tag
Nessun Tag, puoi essere il primo ad aggiungerne! !
Thư viện lưu trữ: Trung tâm Học liệu Trường Đại học Cần Thơ
LEADER 00481nam a2200169Ia 4500
001 CTU_2753
008 210402s9999 xx 000 0 und d
082 |a 541 
082 |b M547 
100 |a K Manolov 
245 0 |a Các định luật trong hóa học 
245 0 |c K Manolov, I Lilov; Dịch giả: Nguyễn Trọng Thể 
260 |a Hà Nội 
260 |b KHKT 
260 |c 1983 
650 |a chemistry 
980 |a Trung tâm Học liệu Trường Đại học Cần Thơ